[Event "14e Open International de la Reunion"]
[Site "St Denis"]
[Date "2012.10.07"]
[Round "3.7"]
[White "Roblet, Charles"]
[Black "Koch, Alain"]
[Result "1-0"]
[WhiteElo "2058"]
[BlackElo "1951"]
[PlyCount "77"]
[EventDate "2012.??.??"]

1. e4 e5 2. f4 d6 3. Nf3 Nc6 4. Nc3 Be7 5. Bc4 Be6 6. Bxe6 fxe6 7. d3 exf4 8.
Bxf4 e5 9. Be3 Qd7 10. Qd2 O-O-O 11. Nd5 Nf6 12. c4 b6 13. O-O h6 14. a4 Ng4
15. b4 Nxe3 16. Qxe3 Bg5 17. Qe1 Nd4 18. Nxd4 exd4 19. b5 Rhf8 20. a5 Rxf1+ 21.
Qxf1 Re8 22. axb6 cxb6 23. Ra2 Kb8 24. Qf3 Be3+ 25. Kh1 h5 26. h3 h4 27. Nb4 a5
28. bxa6 Ka7 29. e5 d5 30. cxd5 Rc8 31. Nc6+ Rxc6 32. dxc6 Qc7 33. Qd5 Bf4 34.
Re2 b5 35. Qxb5 g5 36. Qc5+ Ka8 37. Rb2 Qxe5 38. Qf8+ Ka7 39. Rb7+ 1-0

[Event "14e Open International de la Reunion"]
[Site "St Denis"]
[Date "2012.10.07"]
[Round "3.8"]
[White "Ratsimikatry, Caryl Patrick"]
[Black "Hamon, Christian"]
[Result "0-1"]
[WhiteElo "1924"]
[BlackElo "2053"]
[PlyCount "61"]
[EventDate "2012.??.??"]

1. e4 c5 2. Nc3 Nc6 3. f4 g6 4. Nf3 Bg7 5. Bb5 Nd4 6. Nxd4 cxd4 7. Ne2 Qb6 8.
Bc4 Nf6 9. d3 O-O 10. O-O d5 11. exd5 Qc5 12. Ng3 Nxd5 13. Kh1 Nf6 14. h3 e6
15. a4 b6 16. b4 Qc7 17. Qe2 Bb7 18. Bb2 Nd5 19. Qf2 Ne3 20. Rg1 Nxc4 21. dxc4
Qxc4 22. b5 Rac8 23. Rgc1 Rfd8 24. Ne2 Qd5 25. c3 d3 26. Nd4 Bxd4 27. cxd4 Qb3
28. Rd1 Rc2 29. Rd2 Qxb2 30. Rad1 Rxd2 31. Rxd2 0-1

[Event "14e Open International de la Reunion"]
[Site "St Denis"]
[Date "2012.10.07"]
[Round "3.9"]
[White "Boos, Olivier"]
[Black "Calmels, Nicolas"]
[Result "1-0"]
[WhiteElo "2014"]
[BlackElo "1899"]
[PlyCount "94"]
[EventDate "2012.??.??"]

1. Nf3 d5 2. g3 Nf6 3. Bg2 c5 4. O-O e6 5. d4 Nc6 6. b3 cxd4 7. Nxd4 e5 8. Nxc6
bxc6 9. c4 Bc5 10. Bb2 e4 11. Qc2 Be7 12. Rd1 O-O 13. Nc3 Qa5 14. a3 Be6 15.
Rac1 Qb6 16. b4 Rab8 17. e3 a5 18. cxd5 cxd5 19. b5 Bg4 20. Nxd5 Nxd5 21. Rxd5
Be6 22. Rd2 f5 23. a4 Rbc8 24. Qd1 Bc4 25. Bf1 Be6 26. Bd4 Qb7 27. Rxc8 Rxc8
28. Rc2 Rd8 29. Qc1 Rc8 30. Bc4 Bxc4 31. Rxc4 Rxc4 32. Qxc4+ Kf8 33. b6 Ke8 34.
Qb5+ Qd7 35. b7 Qxb5 36. axb5 Bd6 37. Ba7 Kd7 38. b8=Q Bxb8 39. Bxb8 Ke6 40.
Ba7 a4 41. Bd4 g5 42. Kf1 Kd5 43. b6 Kc6 44. Ke1 a3 45. Kd2 a2 46. Kc2 a1=Q 47.
Bxa1 Kxb6 1-0

[Event "14e Open International de la Reunion"]
[Site "St Denis"]
[Date "2012.10.07"]
[Round "3.10"]
[White "Letreguilly, Olivier"]
[Black "Goorsahye, Antoine"]
[Result "1-0"]
[WhiteElo "2343"]
[BlackElo "1899"]
[PlyCount "55"]
[EventDate "2012.??.??"]

1. e4 e5 2. Nf3 Nc6 3. Bb5 a6 4. Ba4 Nf6 5. O-O b5 6. Bb3 Be7 7. d4 exd4 8. e5
Ne4 9. Bd5 Nc5 10. Nxd4 Bb7 11. Nf5 O-O 12. Qg4 g6 13. Re1 Ne6 14. Nc3 Bg5 15.
Ng3 Bxc1 16. Raxc1 Rb8 17. Rcd1 Kh8 18. Bxc6 Bxc6 19. Nce4 Bxe4 20. Nxe4 h5 21.
Qg3 Qe7 22. Qe3 Kg7 23. Rd5 Rbd8 24. Red1 c6 25. Rd6 Nc7 26. Nf6 Nd5 27. Qg5
Qxd6 28. Nxh5+ 1-0

[Event "14e Open International de la Reunion"]
[Site "St Denis"]
[Date "2012.10.07"]
[Round "3.11"]
[White "Frisk, Anders"]
[Black "Dijoux, Julien"]
[Result "0-1"]
[WhiteElo "1847"]
[BlackElo "1883"]
[PlyCount "96"]
[EventDate "2012.??.??"]

1. c4 e6 2. Nf3 Nf6 3. g3 b6 4. Bg2 Bb7 5. O-O Be7 6. b3 O-O 7. Bb2 c5 8. d3 d5
9. e3 Nc6 10. Qe2 Qc7 11. Nc3 a6 12. Rad1 Rad8 13. cxd5 exd5 14. d4 Rfe8 15.
Qc2 Bf8 16. Ne2 Ne4 17. a3 f6 18. Rc1 Qf7 19. Nf4 Rc8 20. Bh3 f5 21. Qd1 g5 22.
Nd3 g4 23. Bxg4 fxg4 24. Nfe5 Nxe5 25. Nxe5 Rxe5 26. dxe5 Qe6 27. h3 gxh3 28.
Kh2 Bh6 29. f4 Qg6 30. Rg1 Nf2 31. Qf3 Ng4+ 32. Kh1 Rc7 33. Rce1 d4 34. e4 Bxe4
35. Rxe4 Qxe4 36. Rf1 Qxf3+ 37. Rxf3 Kf7 38. Bc1 Ke6 39. Kg1 Kf5 40. Rf1 Rd7
41. Re1 d3 42. Bd2 Bg7 43. Kf1 h5 44. Kg1 Bf8 45. a4 c4 46. e6 Bc5+ 47. Be3
Bxe3+ 48. Rxe3 d2 0-1

[Event "14e Open International de la Reunion"]
[Site "St Denis"]
[Date "2012.10.07"]
[Round "3.12"]
[White "Romain, Arnaud"]
[Black "Ranaivoharisoa, Alain"]
[Result "0-1"]
[WhiteElo "1660"]
[BlackElo "2175"]
[PlyCount "90"]
[EventDate "2012.??.??"]

1. d4 d5 2. Nf3 Nf6 3. Bf4 c6 4. Nc3 Bf5 5. e3 e6 6. Be2 Nbd7 7. O-O Be7 8. a4
O-O 9. Bd3 Nh5 10. Bxf5 exf5 11. Ne2 Nxf4 12. Nxf4 Bd6 13. Qd3 g6 14. c4 dxc4
15. Qxc4 Nb6 16. Qb3 Bxf4 17. exf4 Qc7 18. g3 Nd5 19. Ne5 Rad8 20. Rac1 Kg7 21.
Nf3 Nf6 22. Rfd1 Rd5 23. Re1 Rfd8 24. Re5 Qb6 25. Qxb6 axb6 26. Rce1 Ne4 27.
Re7 R5d7 28. Rxd7 Rxd7 29. Rd1 Rd5 30. Ra1 f6 31. Kf1 g5 32. fxg5 fxg5 33. Rd1
g4 34. Ng1 c5 35. Ne2 Ng5 36. Nf4 Rxd4 37. Rxd4 cxd4 38. Ke2 Kf6 39. Kd3 Ke5
40. b3 Ne4 41. Ke2 Nc5 42. Nd3+ Nxd3 43. Kxd3 Kd5 44. b4 b5 45. a5 h6 0-1

[Event "14e Open International de la Reunion"]
[Site "St Denis"]
[Date "2012.10.07"]
[Round "3.13"]
[White "Rajaonson, Andriamahenina"]
[Black "Deurvillier, Martial"]
[Result "1-0"]
[WhiteElo "1897"]
[BlackElo "1620"]
[PlyCount "83"]
[EventDate "2012.??.??"]

1. f4 f5 2. b3 Nf6 3. Nf3 d6 4. Bb2 e6 5. e3 Be7 6. Nc3 O-O 7. Bc4 Nc6 8. O-O
a6 9. a4 Bd7 10. Ng5 d5 11. Be2 h6 12. Nf3 Bd6 13. Qe1 Qe8 14. d4 Bb4 15. Qh4
Be7 16. Qg3 Ng4 17. Ne5 Ngxe5 18. fxe5 Qd8 19. Bd3 Nb4 20. Ne2 Nxd3 21. cxd3
Bg5 22. Nf4 Bxf4 23. Rxf4 Qe7 24. Ba3 Qg5 25. Bxf8 Qxg3 26. hxg3 Rxf8 27. Rc1
c6 28. Rh4 Kh7 29. Kf2 Be8 30. Rch1 h5 31. Ke2 g6 32. Kd2 Kg7 33. a5 Kf7 34. g4
fxg4 35. Rf1+ Ke7 36. Rxf8 Kxf8 37. Rh1 Bd7 38. Kc3 Ke7 39. Kb4 Kd8 40. Kc5 Kc7
41. Rf1 h4 42. Rf4 1-0

[Event "14e Open International de la Reunion"]
[Site "St Denis"]
[Date "2012.10.07"]
[Round "3.14"]
[White "Caron, Jean-Marie"]
[Black "Han Yee Yu, Jerome"]
[Result "1-0"]
[WhiteElo "1872"]
[BlackElo "1603"]
[PlyCount "87"]
[EventDate "2012.??.??"]

1. e4 c5 2. Nf3 d6 3. Bb5+ Nc6 4. O-O g6 5. Re1 Bd7 6. c3 a6 7. Bf1 Bg7 8. d4
cxd4 9. cxd4 Nf6 10. Nc3 O-O 11. h3 Rc8 12. Be3 Qc7 13. Rc1 Qb8 14. Qd2 Ne8 15.
Nd5 b5 16. Rxc6 Rxc6 17. Nxe7+ Kh8 18. Nxc6 Bxc6 19. d5 Bd7 20. Nd4 Nf6 21. f3
Rc8 22. Qa5 Qb7 23. Bd3 Ng8 24. Qb4 Qb8 25. Re2 Ne7 26. Nb3 Kg8 27. Bf4 Qb6+
28. Kh2 Rd8 29. Bxd6 Nc8 30. Bg3 Bf8 31. Qd4 Qxd4 32. Nxd4 Bc5 33. Nb3 Bd6 34.
e5 Bb8 35. Nc5 Nb6 36. Nxd7 Nxd7 37. d6 Nc5 38. Bc2 Ne6 39. Rd2 Kg7 40. Bf2 f6
41. Bb3 Kf7 42. f4 fxe5 43. fxe5 Re8 44. Bh4 1-0

[Event "14e Open International de la Reunion"]
[Site "St Denis"]
[Date "2012.10.07"]
[Round "3.15"]
[White "Craquelin, Mathie"]
[Black "Dalleau, Philippe"]
[Result "0-1"]
[WhiteElo "1590"]
[BlackElo "1846"]
[PlyCount "74"]
[EventDate "2012.??.??"]

1. e4 c5 2. Nf3 d6 3. d4 cxd4 4. Nxd4 Nf6 5. Nc3 a6 6. Be3 e6 7. Be2 Be7 8. O-O
O-O 9. h3 Qc7 10. a3 Nbd7 11. Qc1 b5 12. Bf3 Bb7 13. Re1 Ne5 14. Bg5 Rac8 15.
Re2 Qc5 16. Be3 Qc7 17. Bg5 Rfd8 18. Qe1 h6 19. Be3 Nc4 20. Qc1 Kh7 21. Ra2
Nxb2 22. Ncxb5 axb5 23. Rxb2 Bxe4 24. Bxe4+ Nxe4 25. Nxb5 Qc4 26. Re1 d5 27.
Rb3 Qxc2 28. Qxc2 Rxc2 29. Ra1 Bf6 30. Rd1 Ra8 31. Kf1 Ra2 32. f3 Ng3+ 33. Kg1
Nf5 34. Bf2 Rc8 35. Kf1 Rcc2 36. Bb6 Ng3+ 37. Kg1 Rxg2# 0-1

[Event "14e Open International de la Reunion"]
[Site "St Denis"]
[Date "2012.10.07"]
[Round "3.16"]
[White "Payet, Jean-Claude"]
[Black "Oster, Jean-Marie"]
[Result "1-0"]
[WhiteElo "1829"]
[BlackElo "1571"]
[PlyCount "87"]
[EventDate "2012.??.??"]

1. e4 c5 2. Nf3 e6 3. d4 cxd4 4. Nxd4 Nc6 5. Be3 Nf6 6. f3 Qb6 7. b3 d5 8. Bd3
e5 9. Nf5 d4 10. Bg5 Bxf5 11. exf5 Be7 12. Nd2 O-O 13. O-O Nd5 14. Nc4 Qc7 15.
Bxe7 Qxe7 16. a4 Ncb4 17. Re1 f6 18. Be4 Qc5 19. Kh1 Rad8 20. Qd2 Rd7 21. h3
Rfd8 22. Bxd5+ Nxd5 23. Re4 Qb4 24. Qxb4 Nxb4 25. Rc1 Na2 26. Ra1 Nc3 27. Rg4
b5 28. axb5 Nxb5 29. Ra6 Nc3 30. Rxf6 Nd1 31. Rg3 Nf2+ 32. Kg1 d3 33. cxd3 Nxd3
34. Re6 Nc1 35. Nxe5 Ne2+ 36. Kh2 Nxg3 37. Nxd7 Nxf5 38. Re5 Nd4 39. Rd5 Ne6
40. f4 Kf7 41. Ne5+ Ke8 42. Ra5 Nxf4 43. Rxa7 Kf8 44. Rf7+ 1-0

[Event "14e Open International de la Reunion"]
[Site "St Denis"]
[Date "2012.10.07"]
[Round "3.17"]
[White "Frelicot, Eric"]
[Black "Andriandaza, Tombo Omar"]
[Result "0-1"]
[WhiteElo "1827"]
[BlackElo "1567"]
[PlyCount "113"]
[EventDate "2012.??.??"]

1. c4 e5 2. Nc3 Nf6 3. Nf3 Nc6 4. g3 Bc5 5. e3 d5 6. cxd5 Nxd5 7. Bg2 Nxc3 8.
bxc3 Qd3 9. Qe2 Qxe2+ 10. Kxe2 f5 11. d4 exd4 12. cxd4 Bd6 13. Bd2 O-O 14. Rab1
Be6 15. Rhc1 Bd5 16. Ne1 Bxg2 17. Nxg2 Rab8 18. Nf4 Rfe8 19. Kf3 g5 20. Nd5 g4+
21. Kg2 Red8 22. Nf4 Rdc8 23. Nd3 Ne7 24. Nc5 b6 25. Nd7 Ra8 26. Bb4 Kf7 27.
Ne5+ Bxe5 28. dxe5 c5 29. Bc3 Rd8 30. Rd1 Ke6 31. Kf1 Nc6 32. Ke2 Nxe5 33. a4
Nc6 34. a5 Rxd1 35. Kxd1 Rb8 36. Kc2 b5 37. Bg7 Nxa5 38. Bh6 b4 39. Ra1 b3+ 40.
Kb1 Rb5 41. Bg7 Kd5 42. Bc3 Nc6 43. Kb2 a5 44. Rd1+ Ke6 45. Ra1 c4 46. Ra4 Rc5
47. Bd4 Nxd4 48. exd4 c3+ 49. Kxb3 c2 50. dxc5 c1=Q 51. Rxa5 Qb1+ 52. Kc4 Qc2+
53. Kb5 Kd5 54. Kb6 Qxf2 55. Kc7 Qxh2 56. c6+ Ke6 57. Kd8 0-1

[Event "14e Open International de la Reunion"]
[Site "St Denis"]
[Date "2012.10.07"]
[Round "3.18"]
[White "Weber, Richard"]
[Black "Cochard, Franck-Olivier"]
[Result "0-1"]
[WhiteElo "1811"]
[BlackElo "1554"]
[PlyCount "84"]
[EventDate "2012.??.??"]

1. e4 c5 2. Nf3 d6 3. d4 cxd4 4. Nxd4 Nf6 5. Nc3 Nc6 6. Be2 g6 7. O-O Bg7 8.
Be3 O-O 9. f3 a6 10. Bf2 Re8 11. a4 e6 12. Qd2 Qc7 13. Rfd1 Ne7 14. Nb3 d5 15.
exd5 Nexd5 16. Nxd5 Nxd5 17. c3 Bd7 18. Bd4 Bc6 19. Bxg7 Kxg7 20. Nd4 Qb6 21.
Kh1 Rad8 22. c4 Nf6 23. Qc3 e5 24. Nxc6 Qxc6 25. Rxd8 Rxd8 26. Rd1 Rxd1+ 27.
Bxd1 Qc5 28. Bc2 Nd7 29. b4 Qd4 30. Qxd4 exd4 31. c5 Kf6 32. Be4 Ke5 33. Kg1 f5
34. Bxb7 d3 35. Kf1 Kd4 36. Ke1 Kc3 37. c6 Kc2 38. c7 d2+ 39. Kf2 Nb6 40. a5
d1=Q 41. axb6 Kd2 42. c8=Q Qe1# 0-1

[Event "14e Open International de la Reunion"]
[Site "St Denis"]
[Date "2012.10.07"]
[Round "3.19"]
[White "Karcher, Roger"]
[Black "Jotee, Ashvin"]
[Result "0-1"]
[WhiteElo "1570"]
[BlackElo "1799"]
[PlyCount "74"]
[EventDate "2012.??.??"]

1. c4 Nf6 2. g3 c5 3. Bg2 Nc6 4. a3 g6 5. Nf3 Bg7 6. Nc3 O-O 7. O-O d6 8. d3 a6
9. Bd2 Rb8 10. Rb1 Bd7 11. Qc1 b5 12. cxb5 axb5 13. Bh6 b4 14. Bxg7 Kxg7 15.
axb4 Rxb4 16. Ng5 Qb6 17. Nge4 Nxe4 18. Bxe4 Rb8 19. Nd5 Qd8 20. Nxb4 Rxb4 21.
Qc3+ Kg8 22. e3 Qb6 23. Bxc6 Qxc6 24. Rfc1 Bh3 25. e4 Qb5 26. Ra1 f6 27. Rcb1
Be6 28. Kg2 Rb3 29. Ra5 Qb6 30. Qd2 Kg7 31. Raa1 Qb7 32. Qc2 Rb4 33. Ra4 Rb5
34. Qd2 c4 35. f3 cxd3 36. Rd4 Ba2 37. Rc1 Rxb2 0-1

[Event "14e Open International de la Reunion"]
[Site "St Denis"]
[Date "2012.10.07"]
[Round "3.20"]
[White "Genne, Rene"]
[Black "Chan-Faye, Yoann"]
[Result "1/2-1/2"]
[WhiteElo "1795"]
[BlackElo "1532"]
[PlyCount "85"]
[EventDate "2012.??.??"]

1. b4 e5 2. Bb2 d6 3. e3 Nf6 4. Be2 Bf5 5. Nf3 Be7 6. O-O O-O 7. d3 Nbd7 8. c4
c6 9. Nbd2 Qc7 10. Qb3 Rac8 11. Rfc1 Be6 12. Ng5 Bf5 13. Ngf3 Be6 14. Qd1 d5
15. c5 b6 16. Nb3 Rfd8 17. a3 Bf5 18. cxb6 axb6 19. Nbd2 Re8 20. Qc2 Bd6 21. h3
h6 22. e4 Bh7 23. exd5 Nxd5 24. Qb3 N7f6 25. Nc4 Nf4 26. Bf1 e4 27. Nxd6 Qxd6
28. dxe4 Bxe4 29. Rd1 N6d5 30. Rd2 Qg6 31. Nh4 Qg5 32. Qg3 Qxg3 33. fxg3 Ne6
34. Rad1 Ne3 35. Re1 Nxf1 36. Kxf1 Bd5 37. Nf5 Bc4+ 38. Kf2 Rcd8 39. Red1 Rxd2+
40. Rxd2 Ng5 41. Nd6 Ne4+ 42. Nxe4 Rxe4 43. Kf3 1/2-1/2

[Event "14e Open International de la Reunion"]
[Site "St Denis"]
[Date "2012.10.07"]
[Round "3.21"]
[White "Lecaille, Max"]
[Black "Duprey, Francois-Xavier"]
[Result "1-0"]
[WhiteElo "1545"]
[BlackElo "1792"]
[PlyCount "81"]
[EventDate "2012.??.??"]

1. e4 d5 2. exd5 Qxd5 3. Nc3 Qa5 4. Be2 Nf6 5. h3 g6 6. d4 c6 7. Nf3 Bg7 8. O-O
O-O 9. Be3 Rd8 10. Qc1 Na6 11. Nd2 Qc7 12. Nf3 Bf5 13. Bc4 Nb4 14. Ne1 Ne8 15.
a3 Nd5 16. Nxd5 cxd5 17. Bd3 Bxd3 18. Nxd3 e6 19. Bf4 Qc4 20. Re1 Qxd4 21. Be5
Bxe5 22. Nxe5 Nd6 23. c3 Qh4 24. Qe3 Nc4 25. Nxc4 Qxc4 26. b3 Qc6 27. Red1 b6
28. Rd4 Qb5 29. a4 Qxb3 30. Qc1 e5 31. Rb4 Qxb4 32. cxb4 Rac8 33. Qd2 d4 34.
Rc1 Rxc1+ 35. Qxc1 d3 36. Qd2 e4 37. Kh2 f5 38. g3 Rc8 39. Kg1 Rc2 40. Qd1 Rc4
41. Qb3 1-0

[Event "14e Open International de la Reunion"]
[Site "St Denis"]
[Date "2012.10.07"]
[Round "3.22"]
[White "Tang Hon Yue, Thibault"]
[Black "Desire, Michael"]
[Result "0-1"]
[WhiteElo "1506"]
[BlackElo "1780"]
[PlyCount "91"]
[EventDate "2012.??.??"]

1. d4 Nf6 2. c4 e5 3. dxe5 Ng4 4. Nc3 Bc5 5. e3 d6 6. exd6 Bxd6 7. Nf3 Nc6 8.
Be2 O-O 9. O-O Nce5 10. Nxe5 Nxe5 11. b3 Qh4 12. g3 Qf6 13. Bb2 Bh3 14. Re1
Rad8 15. f4 Ng6 16. Qc2 Rfe8 17. Ne4 Qe7 18. Bf3 Bb4 19. Nc3 c6 20. a3 Bc5 21.
Bc1 Bd4 22. Bd2 Bb6 23. Kh1 Qd7 24. Rad1 Qe7 25. b4 Be6 26. c5 Bc7 27. e4 Bc4
28. e5 Bd3 29. Qc1 Qd7 30. Be3 Qf5 31. Bf2 Nxe5 32. Qe3 Ng6 33. Qxe8+ Rxe8 34.
Rxe8+ Nf8 35. Re7 Qf6 36. Rxc7 Qxc3 37. Rxb7 Bc2 38. Bxc6 Bxd1 39. Rxa7 h5 40.
Kg2 Bc2 41. Ra8 Qc4 42. Kg1 Be4 43. Bxe4 Qxe4 44. Rc8 Qb7 45. Rd8 Qa6 46. Rd3
0-1

[Event "14e Open International de la Reunion"]
[Site "St Denis"]
[Date "2012.10.07"]
[Round "3.23"]
[White "Bah, Ismael"]
[Black "Artigaud, Laurent"]
[Result "1-0"]
[WhiteElo "1768"]
[BlackElo "1500"]
[PlyCount "97"]
[EventDate "2012.??.??"]

1. b4 d5 2. Bb2 Nd7 3. e3 Ngf6 4. Nf3 e6 5. a3 Be7 6. c4 O-O 7. Nc3 b6 8. Rc1
Bb7 9. Nb5 a6 10. Nbd4 h6 11. cxd5 exd5 12. Nc6 Bxc6 13. Rxc6 Re8 14. Be2 Bd6
15. Nd4 Be5 16. f4 Bxd4 17. Bxd4 Re6 18. Rc1 a5 19. b5 Rc8 20. O-O c5 21. Bb2
Re8 22. Bf3 Rc7 23. g4 c4 24. Bd4 Ne4 25. d3 cxd3 26. Qxd3 Rxc1 27. Rxc1 Qh4
28. Bxe4 dxe4 29. Qe2 Qd8 30. h3 Re6 31. Rc4 Rd6 32. Kg2 f6 33. Rc2 Qb8 34.
Qc4+ Kh7 35. Qc7 Qxc7 36. Rxc7 Kg8 37. f5 Kf7 38. Bxb6 Rxb6 39. Rxd7+ Kg8 40.
a4 Rb8 41. Kg3 Kf8 42. Kf4 Rc8 43. Kxe4 Rc4+ 44. Rd4 Rc8 45. Kd5 Ke7 46. Ke4
Rc7 47. Kd3 Rc8 48. Rc4 Rb8 49. Rc6 1-0

[Event "14e Open International de la Reunion"]
[Site "St Denis"]
[Date "2012.10.07"]
[Round "3.24"]
[White "Altiery, Hugo"]
[Black "Olivier, Tom"]
[Result "0-1"]
[WhiteElo "1400"]
[BlackElo "1760"]
[PlyCount "132"]
[EventDate "2012.??.??"]

1. e4 c5 2. Nf3 Nc6 3. d4 cxd4 4. Nxd4 g6 5. Be3 Bg7 6. Nc3 d6 7. Qd2 Nf6 8.
Nxc6 bxc6 9. h3 O-O 10. g4 c5 11. O-O-O Rb8 12. Bg2 Qb6 13. Na4 Qb5 14. b3 Nd7
15. Bf1 Qb7 16. Nc3 Qb4 17. Nb1 Qb6 18. Bh6 Bxh6 19. Qxh6 Qa5 20. Kb2 Nb6 21.
Ka1 c4 22. Qd2 Qe5+ 23. Qc3 Qxe4 24. Bxc4 Nxc4 25. Rhe1 Qc6 26. Qxc4 Qxc4 27.
bxc4 Be6 28. Na3 Rb4 29. f4 a5 30. f5 Bxc4 31. Rxe7 Ra4 32. Nxc4 Rxc4 33. Rxd6
Rxc2 34. f6 Rf2 35. Ra7 Re8 36. Re7 Rb8 37. Red7 Rf1+ 38. Rd1 Rxf6 39. Rd8+
Rxd8 40. Rxd8+ Kg7 41. Ra8 Rf1+ 42. Kb2 Rf2+ 43. Kb1 Rh2 44. Rxa5 Rxh3 45. Rc5
Ra3 46. g5 h6 47. Kb2 Ra7 48. gxh6+ Kxh6 49. Kb3 g5 50. a4 Kh5 51. a5 Kh4 52.
Kc2 g4 53. Kd2 Re7 54. Rc1 f5 55. a6 f4 56. Re1 Ra7 57. Ra1 g3 58. Ke2 Kg4 59.
Kf1 f3 60. Kg1 Kh3 61. Ra3 f2+ 62. Kf1 Kh2 63. Ra1 g2+ 64. Kxf2 Rf7+ 65. Ke3
g1=Q+ 66. Rxg1 Kxg1 0-1

[Event "14e Open International de la Reunion"]
[Site "St Denis"]
[Date "2012.10.07"]
[Round "3.25"]
[White "Vitry, Patrick"]
[Black "Noel, Philippe"]
[Result "1-0"]
[WhiteElo "1750"]
[BlackElo "1380"]
[PlyCount "81"]
[EventDate "2012.??.??"]

1. e4 e5 2. Nf3 Nc6 3. d4 Bd6 4. d5 Nce7 5. Bd3 Nf6 6. h3 b6 7. Be3 Bb7 8. O-O
O-O 9. a3 a5 10. Nc3 c6 11. dxc6 dxc6 12. Qe2 Qd7 13. Rfd1 Ng6 14. Bc4 h6 15.
Rd2 Rfd8 16. Bxb6 Rdc8 17. Bc5 Ne8 18. Rad1 Nf4 19. Qf1 Qe7 20. Bxd6 Nxd6 21.
Rxd6 Rd8 22. Rxd8+ Rxd8 23. Rxd8+ Qxd8 24. Nxe5 Qg5 25. Kh2 Qxe5 26. g3 Ng6 27.
Qe2 Nh4 28. f4 Qf6 29. e5 Qf5 30. Bd3 Qe6 31. gxh4 c5 32. Be4 Bc8 33. Qf3 Qd7
34. Nd5 Ba6 35. Kg3 Bc8 36. Qg4 Qb7 37. Qxc8+ Qxc8 38. Ne7+ Kf8 39. Nxc8 Ke8
40. Nd6+ Ke7 41. Nb7 1-0

[Event "14e Open International de la Reunion"]
[Site "St Denis"]
[Date "2012.10.07"]
[Round "3.26"]
[White "Ringayen, Francinel"]
[Black "Herrero, Alain"]
[Result "0-1"]
[WhiteElo "1180"]
[BlackElo "1726"]
[PlyCount "62"]
[EventDate "2012.??.??"]

1. e4 c5 2. Nf3 Nc6 3. Bb5 g6 4. O-O Bg7 5. Re1 e5 6. Nc3 Nge7 7. Nd5 O-O 8.
Ng5 a6 9. Bxc6 bxc6 10. Nxe7+ Qxe7 11. d3 d5 12. Nf3 Rb8 13. Bg5 f6 14. Bc1 Rd8
15. Nh4 f5 16. g3 dxe4 17. Re3 c4 18. Qf1 cxd3 19. cxd3 exd3 20. Rxd3 Rxd3 21.
Qxd3 e4 22. Qc4+ Qe6 23. Qxe6+ Bxe6 24. a3 Bxb2 25. Rb1 Be5 26. Rb4 c5 27. Ra4
Rb1 28. Rxa6 Rxc1+ 29. Kg2 Bd5 30. Ra5 e3+ 31. Nf3 e2 0-1

[Event "14e Open International de la Reunion"]
[Site "St Denis"]
[Date "2012.10.07"]
[Round "3.27"]
[White "Atlan, Yoram"]
[Black "Folio, Cedric"]
[Result "0-1"]
[WhiteElo "1009"]
[BlackElo "1700"]
[PlyCount "60"]
[EventDate "2012.??.??"]

1. e4 e5 2. Nf3 Nc6 3. Nc3 Nf6 4. Bb5 Bc5 5. O-O d6 6. Nd5 Bd7 7. Nxf6+ gxf6 8.
Bxc6 Bxc6 9. Re1 Qe7 10. d4 Bb6 11. d5 Bd7 12. Be3 O-O-O 13. Bxb6 axb6 14. Qd3
Rdg8 15. Qa3 Kb8 16. c4 h5 17. b4 h4 18. g3 hxg3 19. fxg3 f5 20. Rac1 f4 21. c5
fxg3 22. hxg3 Rxg3+ 23. Kf2 Rhh3 24. Rh1 Qf6 25. Rxh3 Rxh3 26. cxd6 cxd6 27.
Kg2 Qf4 28. Rh1 Qg3+ 29. Kf1 Bb5+ 30. Qd3 Bxd3# 0-1

[Event "14e Open International de la Reunion"]
[Site "St Denis"]
[Date "2012.10.07"]
[Round "3.28"]
[White "Nassau, Pierre-Alexandre"]
[Black "Ah Soune, Alexandra"]
[Result "1-0"]
[WhiteElo "1675"]
[BlackElo "1090"]
[PlyCount "79"]
[EventDate "2012.??.??"]

1. e4 e5 2. Nf3 Nc6 3. Nc3 Nf6 4. d4 d6 5. h3 Be6 6. d5 Bd7 7. dxc6 Bxc6 8. Bg5
Be7 9. Bxf6 Bxf6 10. Nd5 O-O 11. Be2 g6 12. O-O Bg7 13. c4 a6 14. Qb3 Bd7 15.
Qxb7 Bc6 16. Qxc6 Qc8 17. Ne7+ Kh8 18. Nxc8 Rfxc8 19. c5 Bf8 20. Bxa6 Rd8 21.
Qxc7 dxc5 22. Bb7 Rab8 23. Qxf7 Bg7 24. b3 Rf8 25. Qc7 Rbe8 26. Qxc5 Rf7 27.
Bd5 Rff8 28. Qe3 h6 29. Nh4 Rf6 30. Nxg6+ Kh7 31. Nh4 Re7 32. Rfc1 h5 33. Qg5
Kh8 34. Ng6+ Kh7 35. Qxh5+ Bh6 36. Nxe7 Kg7 37. Nf5+ Kh7 38. Rc7+ Rf7 39. Qxf7+
Kh8 40. Qh7# 1-0

[Event "14e Open International de la Reunion"]
[Site "St Denis"]
[Date "2012.10.07"]
[Round "3.29"]
[White "Mablouke, Ulrich"]
[Black "Collowald, Adrien"]
[Result "1-0"]
[WhiteElo "1785"]
[BlackElo "1009"]
[PlyCount "39"]
[EventDate "2012.??.??"]

1. e4 e5 2. f4 exf4 3. Nf3 Nf6 4. e5 Ng4 5. d4 c5 6. Bxf4 cxd4 7. Nxd4 d5 8. e6
Bxe6 9. Nxe6 fxe6 10. Qxg4 Qa5+ 11. Nd2 Bc5 12. Qxe6+ Be7 13. Bd3 Nc6 14. O-O
Nd4 15. Qe5 Nc6 16. Qh5+ g6 17. Bxg6+ Kd8 18. Nb3 Qa6 19. Qxd5+ Kc8 20. Bf5#
1-0

[Event "14e Open International de la Reunion"]
[Site "St Denis"]
[Date "2012.10.07"]
[Round "3.30"]
[White "Lecoro, Sylvain"]
[Black "Rivolo, Jean-Guillaume"]
[Result "1-0"]
[WhiteElo "1713"]
[BlackElo "1486"]
[PlyCount "27"]
[EventDate "2012.??.??"]

1. e4 c5 2. d4 cxd4 3. c3 d6 4. Nf3 Nc6 5. Bc4 Nf6 6. Qe2 Bd7 7. O-O g6 8. cxd4
Bg4 9. Rd1 Qc7 10. Nc3 a6 11. e5 dxe5 12. dxe5 Nxe5 13. Nxe5 e6 14. Nxg4 1-0

[Event "14e Open International de la Reunion"]
[Site "St Denis"]
[Date "2012.10.07"]
[Round "3.31"]
[White "Strate, Wolfgang"]
[Black "Dennemont, Bruno"]
[Result "1-0"]
[WhiteElo "1689"]
[BlackElo "1299"]
[PlyCount "115"]
[EventDate "2012.??.??"]

1. d4 d5 2. e4 e6 3. c4 Nf6 4. e5 Ne4 5. Nf3 c5 6. Nc3 Nxc3 7. bxc3 cxd4 8.
cxd4 f6 9. exf6 Qxf6 10. Bg5 Bb4+ 11. Bd2 a5 12. Bxb4 axb4 13. cxd5 O-O 14. Bc4
exd5 15. Bxd5+ Kh8 16. O-O Ra5 17. Qb3 Qg6 18. Ne5 Qf6 19. Nf7+ Kg8 20. Nd6+
Kh8 21. Nxc8 Rxc8 22. Bxb7 Rd8 23. d5 Rb5 24. Bc6 Nxc6 25. dxc6 Qxc6 26. Rac1
Qa8 27. Rfd1 Rxd1+ 28. Rxd1 Rg5 29. g3 Rb5 30. Qd3 Rb8 31. Qd5 Qxd5 32. Rxd5 h6
33. Rd2 g5 34. Kf1 Kg7 35. Ke2 Kf6 36. Kd3 Kf5 37. f3 Ra8 38. Kc4 Rb8 39. Rd5+
Kg6 40. Rd6+ Kg7 41. Kb3 h5 42. Rd4 Kf6 43. Rxb4 Rxb4+ 44. Kxb4 Ke5 45. a4 Kd4
46. a5 Ke3 47. f4 gxf4 48. gxf4 Kxf4 49. a6 h4 50. a7 Kg4 51. a8=Q Kh3 52. Qa2
Kg4 53. Qg2+ Kf4 54. Kc4 Kf5 55. Kd5 Kf4 56. Qf2+ Kg5 57. Ke5 Kg4 58. Qf5# 1-0

[Event "14e Open International de la Reunion"]
[Site "St Denis"]
[Date "2012.10.07"]
[Round "3.32"]
[White "Cazal, Julian"]
[Black "Denis, Valentin"]
[Result "0-1"]
[WhiteElo "1130"]
[BlackElo "1498"]
[PlyCount "62"]
[EventDate "2012.??.??"]

1. e4 e5 2. Nc3 Nf6 3. Bc4 Nc6 4. Nf3 Bb4 5. a3 Bxc3 6. bxc3 d5 7. exd5 Nxd5 8.
O-O O-O 9. Bd3 Qe7 10. Qe2 Nf4 11. Qe4 f5 12. Bc4+ Kh8 13. Qe3 Qf6 14. Bb2 Qg6
15. g3 Nh3+ 16. Kg2 f4 17. Qc5 Bg4 18. Nh4 f3+ 19. Kh1 Qxc2 20. Rac1 Qxb2 21.
Rb1 Qxd2 22. Rxb7 Qd6 23. Qe3 Rae8 24. Bb3 Na5 25. Ba4 Nxb7 26. Bxe8 Rxe8 27.
Nxf3 Qc6 28. Kg2 Rf8 29. Rd1 Bxf3+ 30. Kxh3 Qe6+ 31. g4 Qxg4# 0-1

[Event "14e Open International de la Reunion"]
[Site "St Denis"]
[Date "2012.10.07"]
[Round "3.33"]
[White "Fontaine, Willy"]
[Black "Sandjivy, Jean Marc"]
[Result "1-0"]
[WhiteElo "1610"]
[BlackElo "1392"]
[PlyCount "59"]
[EventDate "2012.??.??"]

1. e4 c5 2. Nf3 Nc6 3. c3 d6 4. Bb5 Bd7 5. O-O Nf6 6. d3 e6 7. Bg5 Be7 8. Bxc6
Bxc6 9. e5 dxe5 10. Nxe5 Qc8 11. Nxc6 Qxc6 12. Nd2 O-O 13. Nc4 Rfe8 14. Ne5 Qd5
15. Re1 Nd7 16. Bf4 Rad8 17. c4 Qd4 18. Qd2 Bf6 19. Re4 Qd6 20. Nxf7 Qb6 21.
Nxd8 Rxd8 22. Rb1 Rf8 23. h3 Be7 24. b3 Nf6 25. Re2 Qc6 26. Rbe1 Qd7 27. Rxe6
Re8 28. Bg5 Ne4 29. R1xe4 Bxg5 30. Rxe8+ 1-0